Statistics for Municipalities in Telemark, Norway

Click here to take the quiz!

General Stats

  • This quiz has been taken 39 times
  • The average score is 12 of 18

Answer Stats

PopulationMunicipality% Correct
36 091Porsgrunn
96%
54 510Skien
96%
12 664Notodden
83%
6 460
79%
2 959Seljord
75%
10 506Kragerø
71%
1 489Nissedal
71%
2 351Siljan
71%
5 856Tinn
71%
2 236Tokke
67%
4 105Drangedal
63%
3 709Vinje
63%
14 183Bamble
58%
6 609Nome
54%
1 587Hjartdal
50%
4 359Sauherad
50%
2 397Kviteseid
46%
1 320Moland
0%

Score Distribution

Percentile by Number Answered

Percent of People with Each Score

Your Score History

You have not taken this quiz